000 00316nam a22001457a 4500
008 230524b ||||| |||| 00| 0 eng d
020 _a9782070373581
041 _aFRA
080 _a82
082 _a82MOD
100 _a38
101 _aGJL
245 _aRUE DES BOUTIQUES OBSCURES
_cMODIANO.P
942 _2udc
_cBK
999 _c59802
_d59802